Overwatch 2 Weapons Quiz - Statistics

General Stats
  • This quiz has been taken 42 times
    40 since last reset
  • The average score is 17 of 43
Answer Stats
Hero Weapon % Correct
Genji Shuriken
77%
Ana Biotic Rifle
65%
Roadhog Scrap Gun
65%
Kiriko (Secondary Fire) Kunai
62%
Sojourn Railgun
58%
Reinhardt Rocket Hammer
58%
Pharah Rocket Launcher
58%
Kiriko (Primary Fire) Healing Ofuda
54%
Cassidy Peacekeeper
54%
Brigitte Rocket Flail
50%
Winston Tesla Cannon
50%
Ashe The Viper
50%
Widowmaker Widow's Kiss
50%
Soldier: 76 Heavy Pulse Rifle
46%
Mercy (Main Weapon) Caduceus Staff
42%
Bastion Configuration: Recon
42%
D.Va (In Mech) Fusion Cannons
42%
Hanzo Storm Bow
42%
Moira Biotic Grasp
38%
Reaper Hellfire Shotguns
38%
Mei Endothermic Blaster
35%
Doomfist Hand Cannon
35%
Sigma Hyperspheres
35%
Tracer Pulse Pistols
35%
Junker Queen Scattergun
35%
Lifeweaver (Secondary Fire) Thorn Volley
35%
Mercy (Alternate Weapon) Caduceus Blaster
27%
Junkrat Frag Launcher
27%
Orisa Fusion Driver
27%
Lifeweaver (Primary Fire) Healing Blossom
27%
D.Va (Out of Mech) Light Gun
27%
Zenyatta Orb of Destruction
27%
Torbjörn (Main Weapon) Rivet Gun
27%
Illari Solar Rifle
27%
Lúcio Sonic Amplifier
27%
Baptiste Biotic Launcher
23%
Echo Tri-Shot
23%
Ramattra Void Accelerator
23%
Torbjörn (Alternate Weapon) Forge Hammer
19%
Sombra Machine Pistol
19%
Zarya Particle Cannon
19%
Symmetra Photon Projector
19%
Wrecking Ball Quad Cannons
15%
No matching quizzes found
Score Distribution
Percent of People with Each Score
Percentile by Number Answered
Your Score History
You have not taken this quiz since the last reset